San Pedro Claver : (Registro nro. 30769)
[ vista simple ]
| 000 -LEADER | |
|---|---|
| fixed length control field | 00942nam a22002417a 4500 |
| 003 - CONTROL NUMBER IDENTIFIER | |
| control field | OSt |
| 005 - DATE AND TIME OF LATEST TRANSACTION | |
| control field | 20240628115720.0 |
| 008 - FIXED-LENGTH DATA ELEMENTS--GENERAL INFORMATION | |
| fixed length control field | 240628s1963 ck acfo|ri||| 001 0 spa d |
| 037 ## - SOURCE OF ACQUISITION | |
| Stock number | Donación |
| 040 ## - CATALOGING SOURCE | |
| Original cataloging agency | CO-JMCR |
| Language of cataloging | spa |
| Transcribing agency | CO-JMCR |
| Modifying agency | CO-JMCR |
| Description conventions | rda |
| 041 ## - LANGUAGE CODE | |
| Language code of text/sound track or separate title | spa |
| 082 04 - DEWEY DECIMAL CLASSIFICATION NUMBER | |
| Edition number | 23 |
| Classification number | 922.2246 |
| Item number | V24s |
| 100 1# - MAIN ENTRY--PERSONAL NAME | |
| Personal name | Valtierra , Angel, |
| Dates associated with a name | 1911 - 1982 |
| Relator term | autor |
| 9 (RLIN) | 43746 |
| 245 10 - TITLE STATEMENT | |
| Title | San Pedro Claver : |
| Remainder of title | El santo que liberto una raza / |
| Statement of responsibility, etc. | Angel Valtierra ; Prologo de Eduardo Lemaitre. |
| 260 ## - PUBLICATION, DISTRIBUTION, ETC. | |
| Place of publication, distribution, etc. | Cartagena : |
| Name of publisher, distributor, etc. | Departamento de publicaciones Santuario de San Pedro Claver , |
| Date of publication, distribution, etc. | 1963 |
| 300 ## - PHYSICAL DESCRIPTION | |
| Extent | 395 páginas : |
| Other physical details | Ilustraciones, retratos, placas ; |
| Dimensions | 21 cm. |
| 500 ## - GENERAL NOTE | |
| General note | Incluye índice. |
| 650 14 - SUBJECT ADDED ENTRY--TOPICAL TERM | |
| Source of heading or term | JMCR |
| Topical term or geographic name entry element | Santos Colombianos |
| Geographic subdivision | Colombia |
| 9 (RLIN) | 43747 |
| 650 24 - SUBJECT ADDED ENTRY--TOPICAL TERM | |
| Source of heading or term | JMCR |
| Topical term or geographic name entry element | Esclavitud en Colombia |
| Geographic subdivision | Colombia |
| 9 (RLIN) | 43748 |
| 650 34 - SUBJECT ADDED ENTRY--TOPICAL TERM | |
| Source of heading or term | JMCR |
| Topical term or geographic name entry element | Religión en Colombia |
| Geographic subdivision | Colombia |
| 9 (RLIN) | 43749 |
| 700 1# - ADDED ENTRY--PERSONAL NAME | |
| Personal name | Lemaitre, Eduardo, |
| Dates associated with a name | 1914 - 1994 |
| Relator term | Prologo |
| 9 (RLIN) | 43750 |
| 942 ## - ADDED ENTRY ELEMENTS (KOHA) | |
| Source of classification or shelving scheme | Dewey Decimal Classification |
| Koha item type | Books |
| Withdrawn status | Lost status | Source of classification or shelving scheme | Damaged status | Not for loan | Collection code | Home library | Current library | Shelving location | Date acquired | Total Checkouts | Full call number | Barcode | Date last seen | Date last checked out | Copy number | Price effective from | Koha item type |
|---|---|---|---|---|---|---|---|---|---|---|---|---|---|---|---|---|---|
| Dewey Decimal Classification | Non-fiction | Biblioteca Pública José María del Castillo y Rada | Biblioteca Pública José María del Castillo y Rada | General Stacks | 01/06/2023 | 1 | 922.224 V24s | 201812176 | 07/22/2024 | 07/22/2024 | Ej.1 | 06/28/2024 | Books |